[Event "DEM U10w 2017"]
[Site "Willingen GER"]
[Date "2017.06.10"]
[Round "11"]
[White "Ottlik, Marie"]
[Black "Heuberger, Sandra"]
[Result "1-0"]
[Termination "normal"]
[Board "14"]
[WhiteElo "1013"]
[BlackElo "902"]
[PlyCount "153"]
[WhiteFideId "16281730"]
[BlackFideId "16232151"]
[EventCountry "GER"]
[EventRounds "11"]
[EventType "swiss"]
[EventDate "2017.06.03"]

1. e4 e5 2. Nf3 Nc6 3. Bc4 Nf6 4. d3 Be7 5. Nc3 O-O 6. Be3 d6 7. h3 Be6 8. Bb3
Bxb3 9. axb3 d5 10. exd5 Nxd5 11. Nxd5 Qxd5 12. O-O Rae8 13. Qd2 Qd8 14. Rfe1
f5 15. Ng5 Bxg5 16. Bxg5 Qd7 17. Re3 Re6 18. Rg3 f4 19. Rg4 Rg6 20. Qc3 Qd4 21.
Qxd4 Nxd4 22. Rxa7 Ne2+ 23. Kh2 Rb8 24. Ra5 Re8 25. Rd5 c6 26. Rd7 b5 27. Re7
Rxe7 28. Bxe7 Rxg4 29. hxg4 Nd4 30. Bd6 Kf7 31. Bxe5 Ne2 32. c4 Ke6 33. Bxg7 b4
34. Bf8 Nc1 35. Bxb4 Nxd3 36. Bd2 Ke5 37. g3 f3 38. Bf4+ Ke4 39. Bd2 Nxf2 40.
b4 Ke5 41. b5 cxb5 42. cxb5 Kd5 43. b6 Kc6 44. Be1 Nd3 45. Ba5 f2 46. Kg2 Kb7
47. b4 h6 48. b5 Nc5 49. Kxf2 Nb3 50. Bc3 Kxb6 51. Bg7 Kxb5 52. Bxh6 Nc5 53. g5
Ne6 54. g6 Kc6 55. g7 Nxg7 56. Bxg7 Kd7 57. Kf3 Ke7 58. Kf4 Kf7 59. Bd4 Ke6 60.
g4 Kf7 61. Kf5 Ke7 62. Kg6 Kf8 63. Kh7 Ke7 64. g5 Kf8 65. g6 Ke7 66. g7 Kd6 67.
g8=Q Kc6 68. Qe8+ Kd5 69. Qe5+ Kc4 70. Kg6 Kd3 71. Kf5 Kc4 72. Kf4 Kd3 73. Qc5
Ke2 74. Qc3 Kf1 75. Qc2 Ke1 76. Kf3 Kf1 77. Qf2# 1-0

[Event "DEM U10w 2017"]
[Site "Willingen GER"]
[Date "2017.06.10"]
[Round "11"]
[White "Alhassan, Jodi"]
[Black "Truong, Bao Ngoc"]
[Result "0-1"]
[Termination "normal"]
[Board "15"]
[WhiteElo "953"]
[BlackElo "749"]
[PlyCount "30"]
[WhiteFideId "16250460"]
[EventCountry "GER"]
[EventRounds "11"]
[EventType "swiss"]
[EventDate "2017.06.03"]

1. e4 e5 2. Nf3 Nc6 3. Bc4 Nf6 4. Ng5 d5 5. exd5 Na5 6. Bb5+ c6 7. dxc6 bxc6 8.
Be2 h6 9. Nf3 e4 10. Ng1 Bc5 11. h3 Nd5 12. a3 Qf6 13. f3 Qh4+ 14. g3 Qxg3+ 15.
Kf1 Qf2# 0-1

[Event "DEM U10w 2017"]
[Site "Willingen GER"]
[Date "2017.06.10"]
[Round "11"]
[White "Youness, Jolie"]
[Black "Vianden, Ella"]
[Result "0-1"]
[Termination "normal"]
[Board "16"]
[WhiteElo "768"]
[BlackElo "1050"]
[PlyCount "46"]
[BlackFideId "16235592"]
[EventCountry "GER"]
[EventRounds "11"]
[EventType "swiss"]
[EventDate "2017.06.03"]

1. e4 e5 2. Nf3 Nc6 3. Bc4 Nf6 4. d3 d5 5. exd5 Nxd5 6. Bg5 f6 7. Bh4 Be6 8.
Nc3 Nxc3 9. Bxe6 Nxd1 10. Rxd1 Qe7 11. Bf5 Nb4 12. O-O Nxc2 13. a3 g6 14. Be4
O-O-O 15. Rc1 Nd4 16. Nxd4 Rxd4 17. Rc3 Qe6 18. Rfc1 Bd6 19. Rb3 Qxb3 20. Bxf6
Qxb2 21. Re1 Rf8 22. Bg7 Qxf2+ 23. Kh1 Qxe1# 0-1

[Event "DEM U10w 2017"]
[Site "Willingen GER"]
[Date "2017.06.10"]
[Round "11"]
[White "Khanbekyan, Nare"]
[Black "Hebestreit, Marie"]
[Result "1/2-1/2"]
[Termination "normal"]
[Board "17"]
[WhiteElo "952"]
[BlackElo "896"]
[PlyCount "92"]
[WhiteFideId "16270916"]
[EventCountry "GER"]
[EventRounds "11"]
[EventType "swiss"]
[EventDate "2017.06.03"]

1. e4 e5 2. Nf3 Nc6 3. d4 d6 4. Bc4 Nf6 5. Bg5 Be7 6. O-O O-O 7. dxe5 dxe5 8.
Nc3 h6 9. Be3 Bd7 10. Bb5 a6 11. Bxc6 Bxc6 12. Nxe5 Bb5 13. Re1 Bd6 14. Bf4 Qe8
15. Qd2 Rd8 16. Qe3 Bxe5 17. b3 Ng4 18. Qg3 Bxf4 19. Qxf4 Ne5 20. a4 Ng6 21.
Qxc7 Rd7 22. Qb6 Bc6 23. b4 Rd2 24. b5 Bd7 25. Qxb7 axb5 26. axb5 Qc8 27. Qxc8
Rxc8 28. Nd5 Rc5 29. b6 Bc6 30. Rab1 Bxd5 31. exd5 Rdxd5 32. Re8+ Nf8 33. b7
Rb5 34. Rxb5 Rxb5 35. h4 Rxb7 36. c4 Rc7 37. Re4 f5 38. Rf4 g5 39. Rd4 Rd7 40.
Rxd7 Nxd7 41. f3 Kf7 42. Kf2 Ne5 43. c5 Nd3+ 44. Ke3 Nxc5 45. f4 gxf4+ 46. Kxf4
Ne6+ 1/2-1/2

[Event "DEM U10w 2017"]
[Site "Willingen GER"]
[Date "2017.06.10"]
[Round "11"]
[White "Margaryan, Venera"]
[Black "Claussen, Kim Sophie"]
[Result "1-0"]
[Termination "normal"]
[Board "18"]
[WhiteElo "773"]
[BlackElo "845"]
[PlyCount "37"]
[WhiteFideId "16266226"]
[EventCountry "GER"]
[EventRounds "11"]
[EventType "swiss"]
[EventDate "2017.06.03"]

1. d4 d5 2. c4 dxc4 3. e3 Bf5 4. Bxc4 Bxb1 5. Rxb1 Nf6 6. Nf3 Nc6 7. Bd2 e6 8.
O-O Bd6 9. Qb3 Na5 10. Bxa5 b6 11. Bb4 Bxb4 12. Qxb4 Qd7 13. Ne5 a5 14. Qa3 Qd8
15. Bb5+ Nd7 16. Nxd7 Qg5 17. Nf6+ Kd8 18. Nd7 Qxb5 19. Ne5 { es folgte
19...O-O 20.Tbc1 Thd8 21.Sc6+ Kb7 22.Sxd8+ Txd8 23.Dc3 Kc8 24.Dxc7#} 1-0